Normal view
MARC view
- Zulfiqar
Entry Personal Name
001 - CONTROL NUMBER
- control field: 48024
003 - CONTROL NUMBER IDENTIFIER
- control field: NUST
005 - DATE AND TIME OF LATEST TRANSACTION
- control field: 20210314133943.0
008 - FIXED-LENGTH DATA ELEMENTS
- fixed length control field: 210314|| aca||aabn | a|a d
040 ## - CATALOGING SOURCE
- Original cataloging agency: NUST
- Transcribing agency: NUST
100 ## - HEADING--PERSONAL NAME
- Personal name: Zulfiqar
670 ## - SOURCE DATA FOUND
- Source citation: Work cat.: (NUST): Capt Zafar syn no 3 48023, Design of Dubble Story Apartment Block, 19 April 2000
